Personnages d'Orange is the new black par images - Statistiques

Statistiques générales
  • Ce quiz a été pris 429 fois
  • Le résultat moyen est 14 sur 20
Statistiques - réponses
Par images Réponse % Correct
Piper Chapman
97%
Alex Vause
95%
Galina Reznikov
93%
Poussey Washington
85%
Carrie Black
78%
Suzanne Warren
76%
Dayanara Diaz
73%
Tasha Jefferson
72%
Joseph Caputo
70%
Nicky Nichols
69%
John Bennett
68%
Gloria Mendoza
61%
Lorna Morello
61%
George Mendez
60%
Cindy Hayes
59%
Marisol Gonzalez
56%
Tiffany Doggett
55%
Maritza Ramos
50%
Blanca Flores
49%
Lolly Whitehill
47%
Aucun quiz correspondant
Distribution des résultats
% des personnes avec chaque résultat
Percentile par nombre de réponses
Votre historique - résultats
Vous n’avez pas pris ce quiz